Mikrofilmarchiv [Musikwissenschaft]
| Titel: | Mikrofilmarchiv [Musikwissenschaft] : Bewahrung und Begegnung |
|---|---|
| Verfasser: | |
| In: |
Universität Basel: Uni nova, Band 120 (2012), Seite 46-47 alle Artikel anzeigen |
| Veröffentlicht: | 2012 |
| Format: | Aufsatz |
| Sprache: | Deutsch |
X
alg: 44204239 001A $03036:30-01-19 001B $01999:01-02-19 $t12:39:26.000 001D $03036:30-01-19 001U $0utf8 001X $00 002@ $0Oox 003@ $0442042396 007A $0442042396 $aHEB 007T $0ArchMa22470 009Q $uhttp://www.unibas.ch/doc/doc_download.cfm?uuid=E451544DEBBCB5AFFDF095505C884229&&IRACER_AUTOLINK&& $xH 010@ $ager 011@ $a2012 021A $aMikrofilmarchiv [Musikwissenschaft] $dBewahrung und Begegnung 028A $aHocker $dRamona 031A $d120 $h46-47 $j2012 039B $aIn $8--Obvc--Universität Basel [Tb1]. Uni nova. - Basel : Univ., 1999-. - Online-Ressource. - ISSN 1661-3155 $x201200001200000954 $9128296887 lok: 44204239 105 exp: 44204239 105 1 #EPN 201B/01 $030-01-19 $t15:50:15.000 201C/01 $030-01-19 201U/01 $0utf8 203@/01 $01042428964 208@/01 $a13-12-18 $be 209A/01 $a/ $f106 $x00 244Z/01 $aBasel $x01 245Z/01 $a2.16.04.04. $bArchivwissenschaft und Archivtheorie / Archivaliengattungen / Bild- und Tonträger / Filme $x01 245Z/01 $a4.12.02. $bArchivwesen Europas / Schweiz, Liechtenstein / Archive und Archivbestände $x02 247C/01 $8->Marburg, Bibliographie zum Archivwesen der Archivschule Marburg $939588196X
| LEADER | 00000caa a22000002c 4500 | ||
|---|---|---|---|
| 001 | 442042396 | ||
| 003 | DE-603 | ||
| 005 | 20190201123926.0 | ||
| 007 | cr|||||||||||| | ||
| 008 | 190130s2012 xx |||| o| u00||u|ger c | ||
| 035 | |a (DE-599)HEB442042396 | ||
| 040 | |a DE-603 |b ger |c DE-603 |d DE-603 | ||
| 041 | |a ger | ||
| 100 | 1 | |a Hocker, Ramona | |
| 245 | 0 | 0 | |a Mikrofilmarchiv [Musikwissenschaft] |b Bewahrung und Begegnung |
| 264 | 0 | |c 2012 | |
| 773 | 0 | 8 | |i In |a Universität Basel |t Uni nova |d Basel : Univ., 1999- |h Online-Ressource |x 1661-3155 |g Band 120 (2012), Seite 46-47 |w (DE-603)128296887 |w (DE-600)2186569-3 |
| 856 | |u http://www.unibas.ch/doc/doc_download.cfm?uuid=E451544DEBBCB5AFFDF095505C884229&&IRACER_AUTOLINK&& |x Verlag | ||
| 924 | 1 | |9 - |a (DE-603)1042428964 |b DE- |c HES |d d |g / | |